UBT Library

Buchsbaum's Complete handbook of practical electronic reference data / (Record no. 42141)

000 -LEADER
fixed length control field 00746cam a2200241 i 4500
001 - CONTROL NUMBER
control field 846468
005 - DATE AND TIME OF LATEST TRANSACTION
control field 20180208071918.0
008 - FIXED-LENGTH DATA ELEMENTS--GENERAL INFORMATION
fixed length control field 780125s1978 njua b 001 0 eng
010 ## - LIBRARY OF CONGRESS CONTROL NUMBER
LC control number 78001055
020 ## - INTERNATIONAL STANDARD BOOK NUMBER
International Standard Book Number 0130846244 :
Terms of availability $19.95
040 ## - CATALOGING SOURCE
Original cataloging agency DLC
Transcribing agency DLC
Modifying agency DLC
041 ## - LANGUAGE CODE
Language code of text/sound track or separate title eng
080 ## - UNIVERSAL DECIMAL CLASSIFICATION NUMBER
Universal Decimal Classification number 621.381 wal
082 00 - DEWEY DECIMAL CLASSIFICATION NUMBER
Classification number 621.381 wal
100 1# - Rafti
Rafti 27
101 ## - Shkurtesa
Shkurtesa eng
240 10 - UNIFORM TITLE
Uniform title <a href="Complete handbook of practical reference data">Complete handbook of practical reference data</a>
245 10 - TITLE STATEMENT
Title Buchsbaum's Complete handbook of practical electronic reference data /
Statement of responsibility, etc Walter H. Buchsbaum.
504 ## - BIBLIOGRAPHY, ETC. NOTE
Bibliography, etc Includes bibliographies and index.
740 ## - ADDED ENTRY--UNCONTROLLED RELATED/ANALYTICAL TITLE
Uncontrolled related/analytical title Complete handbook of practical electronic reference data.
906 ## - LOCAL DATA ELEMENT F, LDF (RLIN)
a 7
b cbc
c orignew
d 1
e ocip
f 19
g y-gencatlg
942 ## - ADDED ENTRY ELEMENTS (KOHA)
Source of classification or shelving scheme
Item type Books
Holdings
Withdrawn status Lost status Source of classification or shelving scheme Damaged status Not for loan Collection code Permanent location Current location Shelving location Date acquired Total Checkouts Full call number Barcode Date last seen Price effective from Koha item type
          Koleksioni i përgjithshem UBT - Lipjan UBT - Lipjan Koleksioni i përgjithshem 02/08/2018   621.381 wal 002-2998643 02/08/2018 02/08/2018 Books
UBT Library © 2015-2024. All rights reserved University Education for Business and Technology